000 01253nam a2200385 a 4500
001 20472
003 VRT
005 20260122144712.0
008 961209q1995 xo p 000 1 slo c
020 _a8088834201 (brož.)
035 _aUKB000210396
040 _aBAA001
_bslo
_cBAA001
_eAACR2
041 1 _aslo
044 _axo
_cSK
080 _a885.4-31
100 1 _aBajza, Jozef Ignác
_d1755-1836
243 1 0 _aSlovenský klasicizmus
245 0 0 _aPríhody a skúsenosti mladíka Reného
_b(výber)
_cJozef Ignác Bajza ; [transform.] Jozef R. Nižnanský
260 _aRohovce
_bInterpopulart Slovakia
_c[1995]
300 _a97 s
490 1 _aPopulart. Študentská knižnica
_v21
500 _aSlovenský klasicizmus
504 _aBibliogr. s. 96
650 0 7 _aliteratúra slovenská klasicistická
650 0 7 _aromány
653 _a885.4-31
700 1 _aNižnanský, Jozef R.
_4edt
760 1 _tPopulart. Študentská knižnica
830 0 _aPopulart. Študentská knižnica
_v21
910 _aukb
942 _2ddc
_cKLDO
_n0
949 _61800009239
_a30.D.66673
_bPV.5661-96
_očitateľská strata č.37-2012
_s6705:20120516
949 _61800009240
_aSL.D.24696
_bPV.5662-96
949 _61800065032
_a30.D.66673
_bNA.231-99
999 _c20472
_d20472